[Event "Titled Tuesday intern op 23rd Apr Late"]
[Site "Chess.com INT"]
[Date "2024.04.23"]
[Round "6"]
[White "Sokolovsky, Yahli"]
[Black "Durarbayli, Vasif"]
[Result "1-0"]
[WhiteElo "2490"]
[BlackElo "2627"]
[PlyCount "77"]
[EventDate "2024.04.23"]
[EventType "swiss (blitz)"]
[EventRounds "11"]
[EventCountry "USA"]
[SourceTitle "CB18_2024"]
[SourceDate "2024.05.01"]
[SourceVersion "1"]
[SourceVersionDate "2024.05.01"]
[SourceQuality "2"]

1. b3 d5 2. Nf3 c5 3. Bb2 f6 4. e3 e5 5. d4 cxd4 6. exd4 e4 7. Nfd2 f5 8. c4 Nf6 9. Nc3 Be6 10. cxd5 Nxd5 11. Bc4 Bb4 12. Nxd5 Bxd5 13. Qh5+ g6 14. Qh6 Nc6 15. 0-0 Bxd2 16. Qxd2 Qd6 17. Rac1 0-0-0 18. Rfd1 Kb8 19. g3 Rhe8 20. Bxd5 Qxd5 21. Rc5 Qd6 22. Rdc1 Ne5 23. Qb4 Nf3+ 24. Kg2 Rd7 25. Qc4 a6 26. Ba3 Nd2 27. Rc8+ Ka7 28. Bxd6 Nxc4 29. Bc5+ b6 30. Rxe8 Nb2 31. Re7 Rxe7 32. Bxe7 Kb7 33. Bd6 a5 34. Rc7+ Ka6 35. Rxh7 Nd3 36. Rg7 Nc1 37. Rxg6 Nxa2 38. h4 Nc1 39. h5 1-0

[Event "Fagernes op"]
[Site "Fagernes"]
[Date "2024.03.30"]
[Round "8"]
[White "Sokolovsky, Yahli"]
[Black "Gorshtein, Ido"]
[Result "0-1"]
[WhiteElo "2475"]
[BlackElo "2539"]
[PlyCount "64"]
[EventDate "2024.03.24"]
[EventType "swiss"]
[EventRounds "9"]
[EventCountry "NOR"]
[SourceTitle "CB14_2024"]
[SourceDate "2024.04.01"]
[SourceVersion "1"]
[SourceVersionDate "2024.04.01"]
[SourceQuality "1"]

1. e4 c5 2. Nf3 d6 3. d4 cxd4 4. Nxd4 Nf6 5. Nc3 a6 6. Bd3 e5 7. Nde2 Be7 8. 0-0 0-0 9. Ng3 Re8 10. Be3 Be6 11. Nd5 Bxd5 12. exd5 Nbd7 13. c4 Bf8 14. b4 g6 15. f3 b6 16. a3 a5 17. Qd2 Qc7 18. Rfb1 e4 19. fxe4 Ng4 20. Bd4 Nge5 21. Rc1 Bg7 22. Bf1 Rec8 23. Rab1 axb4 24. axb4 Qd8 25. Be3 Ng4 26. Bf4 Qh4 27. Ne2 Qf2+ 28. Kh1 Ndf6 29. Nc3 Nh5 30. Bg5 Bd4 31. Ne2 Be5 32. Nc3 Ng3+ 0-1

[Event "Titled Tuesday intern op 12th Mar Late"]
[Site "Chess.com INT"]
[Date "2024.03.12"]
[Round "4"]
[White "Sokolovsky, Yahli"]
[Black "Janaszak, Dawid"]
[Result "0-1"]
[WhiteElo "2475"]
[BlackElo "2308"]
[PlyCount "78"]
[EventDate "2024.03.12"]
[EventType "swiss (blitz)"]
[EventRounds "11"]
[EventCountry "USA"]
[SourceTitle "CB12_2024"]
[SourceDate "2023.10.01"]
[SourceVersion "1"]
[SourceVersionDate "2023.10.01"]
[SourceQuality "1"]

1. b3 e5 2. Bb2 Nc6 3. e3 d5 4. Nf3 f6 5. d4 e4 6. Nfd2 Nce7 7. c4 c6 8. f3 f5 9. Be2 Nf6 10. 0-0 g6 11. fxe4 Nxe4 12. cxd5 cxd5 13. Nxe4 fxe4 14. Nc3 Bh6 15. Bb5+ Bd7 16. Qe2 a6 17. Bxd7+ Qxd7 18. Ba3 Nf5 19. Nd1 0-0-0 20. Qe1 Kb8 21. g4 Nd6 22. Qh4 Bg7 23. Nc3 Nb5 24. Nxb5 Qxb5 25. Rf7 Rd7 26. Bd6+ Ka8 27. Rxg7 Rxd6 28. Qe7 Rc6 29. Rf1 Rb8 30. Rf2 Qd3 31. Qg5 Rc3 32. Qxd5 Qxe3 33. Rgf7 Qe1+ 34. Kg2 e3 35. Rf1 Qe2+ 36. Kh3 Rc2 37. Qe5 Qg2+ 38. Kh4 h5 39. gxh5 g5+ 0-1

[Event "Titled Tuesday intern op 27th Feb Late"]
[Site "Chess.com INT"]
[Date "2024.02.27"]
[Round "4"]
[White "Erigaisi, Arjun Kumar"]
[Black "Sokolovsky, Yahli"]
[Result "1-0"]
[WhiteElo "2738"]
[BlackElo "2471"]
[PlyCount "43"]
[EventDate "2024.02.27"]
[EventType "swiss (blitz)"]
[EventRounds "11"]
[EventCountry "USA"]
[SourceTitle "CB10_2024"]
[SourceDate "2024.03.06"]
[SourceVersion "1"]
[SourceVersionDate "2024.03.06"]
[SourceQuality "1"]

1. b3 Nf6 2. Bb2 g6 3. g3 Bg7 4. Bg2 0-0 5. Nf3 b6 6. c4 Bb7 7. 0-0 c5 8. d4 cxd4 9. Qxd4 Nc6 10. Qh4 d6 11. Nc3 Qc8 12. Nd5 Qd8 13. Nxf6+ Bxf6 14. Bxf6 exf6 15. Rad1 Qe7 16. Rd2 Ne5 17. Nxe5 Bxg2 18. Ng4 Qb7 19. Nxf6+ Kg7 20. Rxd6 h6 21. Qd4 Rg8 22. Nd5+ 1-0

[Event "Titled Tuesday intern op 27th Feb Late"]
[Site "Chess.com INT"]
[Date "2024.02.27"]
[Round "6"]
[White "Rasulov, Vugar Ural Oglu"]
[Black "Sokolovsky, Yahli"]
[Result "1-0"]
[WhiteElo "2538"]
[BlackElo "2471"]
[PlyCount "91"]
[EventDate "2024.02.27"]
[EventType "swiss (blitz)"]
[EventRounds "11"]
[EventCountry "USA"]
[SourceTitle "CB10_2024"]
[SourceDate "2024.03.06"]
[SourceVersion "1"]
[SourceVersionDate "2024.03.06"]
[SourceQuality "1"]

1. e4 d6 2. d4 g6 3. Nc3 Bg7 4. Be3 a6 5. h4 h6 6. a4 b6 7. Qd2 Bb7 8. f3 Nd7 9. Nh3 e6 10. Nf4 Ne7 11. Bc4 e5 12. Nfd5 Nxd5 13. Bxd5 Bxd5 14. Nxd5 Nf6 15. dxe5 dxe5 16. 0-0-0 Nxd5 17. Qxd5 Qxd5 18. Rxd5 Ke7 19. c4 Rhd8 20. h5 g5 21. Rhd1 Rxd5 22. Rxd5 c6 23. Rd3 b5 24. Bc5+ Ke8 25. b3 Rb8 26. Kc2 Bf6 27. Bd6 Rb7 28. axb5 axb5 29. Rd1 Ra7 30. Kc3 Ra2 31. g4 Rf2 32. Rd3 bxc4 33. bxc4 Bg7 34. Kb4 f6 35. Kc5 Rc2 36. Ra3 Kf7 37. Ra7+ Kg8 38. Ra4 Rc3 39. Kxc6 Rxf3 40. c5 Kf7 41. Ra7+ Kg8 42. Kd7 Rd3 43. Ke6 Kh7 44. c6 Rc3 45. c7 Kg8 46. Ra8+ 1-0

[Event "Titled Tuesday intern op 27th Feb Late"]
[Site "Chess.com INT"]
[Date "2024.02.27"]
[Round "5"]
[White "Sokolovsky, Yahli"]
[Black "Sethuraman, Sandeep"]
[Result "1-0"]
[WhiteElo "2471"]
[BlackElo "2381"]
[PlyCount "75"]
[EventDate "2024.02.27"]
[EventType "swiss (blitz)"]
[EventRounds "11"]
[EventCountry "USA"]
[SourceTitle "CB10_2024"]
[SourceDate "2024.03.06"]
[SourceVersion "1"]
[SourceVersionDate "2024.03.06"]
[SourceQuality "1"]

1. b3 e5 2. Bb2 Nc6 3. e3 Nf6 4. Nf3 Bd6 5. d4 exd4 6. exd4 0-0 7. Be2 Bb4+ 8. c3 Be7 9. d5 Nb8 10. 0-0 d6 11. c4 Bf5 12. Nbd2 Nbd7 13. Nh4 Bg6 14. f4 Be4 15. Qe1 Re8 16. Qg3 Bf8 17. Rae1 a5 18. Bd1 Nc5 19. Re3 Bg6 20. Rxe8 Nxe8 21. f5 Nd3 22. fxg6 hxg6 23. Qxd3 Qxh4 24. Nf3 Qe7 25. Bc2 Nf6 26. Ng5 Re8 27. Bd4 Ng4 28. Nxf7 Qh4 29. h3 Ne5 30. Bxe5 dxe5 31. Qxg6 e4 32. Nh6+ Qxh6 33. Qxe8 g5 34. Bxe4 g4 35. Qg6+ Qxg6 36. Bxg6 g3 37. Rf3 Bc5+ 38. Kf1 1-0

[Event "Titled Tuesday intern op 13th Feb Late"]
[Site "Chess.com INT"]
[Date "2024.02.13"]
[Round "8"]
[White "Duda, Jan Krzysztof"]
[Black "Sokolovsky, Yahli"]
[Result "1/2-1/2"]
[WhiteElo "2732"]
[BlackElo "2471"]
[PlyCount "114"]
[EventDate "2024.02.13"]
[EventType "swiss (blitz)"]
[EventRounds "11"]
[EventCountry "USA"]
[SourceTitle "CB08_2024"]
[SourceDate "2024.02.21"]
[SourceVersion "1"]
[SourceVersionDate "2024.02.21"]
[SourceQuality "1"]

1. e4 d6 2. d4 g6 3. Nc3 Bg7 4. Be3 a6 5. Qd2 b5 6. 0-0-0 Bb7 7. f3 Nd7 8. h4 h6 9. Nh3 e6 10. Kb1 Qxh4 11. Bxb5 axb5 12. Ng5 hxg5 13. Rxh4 gxh4 14. Nxb5 Kd8 15. Qc3 Rc8 16. Qa5 Rh5 17. d5 Ke7 18. Qa7 Rb8 19. Nxc7 Bxd5 20. exd5 Bxb2 21. Na6 Bd4+ 22. Nxb8 Bxa7 23. Nc6+ Ke8 24. Nxa7 Rxd5 25. Rxd5 exd5 26. Nc8 Ne5 27. Nxd6+ Ke7 28. Bc5 Ke6 29. a4 Nf6 30. Nb5 Nc4 31. Ka2 Nh5 32. Nd4+ Kd7 33. Ne2 g5 34. Kb3 f5 35. Bf2 h3 36. gxh3 Nd2+ 37. Kb4 Nxf3 38. a5 Kc6 39. a6 Nf6 40. Nc1 Ne4 41. Ba7 g4 42. hxg4 fxg4 43. Nb3 g3 44. Na5+ Kc7 45. Be3 Kb8 46. Kb5 Ne5 47. Nc6+ Nxc6 48. Kxc6 g2 49. Kxd5 Nc3+ 50. Kc6 Ne2 51. c4 g1Q 52. Bxg1 Nxg1 53. c5 Ne2 54. Kd5 Nc3+ 55. Kc4 Ne4 56. c6 Nd6+ 57. Kc5 Nc8 1/2-1/2

[Event "Titled Tuesday intern op 13th Feb Early"]
[Site "Chess.com INT"]
[Date "2024.02.13"]
[Round "6"]
[White "Madaminov, Mukhiddin"]
[Black "Sokolovsky, Yahli"]
[Result "1-0"]
[WhiteElo "2512"]
[BlackElo "2471"]
[PlyCount "65"]
[EventDate "2024.02.13"]
[EventType "swiss (blitz)"]
[EventRounds "11"]
[EventCountry "USA"]
[SourceTitle "CB08_2024"]
[SourceDate "2024.02.21"]
[SourceVersion "1"]
[SourceVersionDate "2024.02.21"]
[SourceQuality "1"]

1. e4 d6 2. d4 g6 3. Nc3 Bg7 4. Nf3 a6 5. Bd3 b5 6. h3 Bb7 7. Ne2 Nd7 8. 0-0 c5 9. c3 e6 10. a4 b4 11. cxb4 cxd4 12. Nexd4 Ne7 13. Nb3 0-0 14. Na5 Qb8 15. Rb1 Nc6 16. Nxb7 Qxb7 17. b5 axb5 18. Bxb5 Nde5 19. Be3 Nxf3+ 20. Qxf3 Nd4 21. Bxd4 Bxd4 22. b4 Rfc8 23. Rfc1 Qb6 24. g3 h5 25. h4 Be5 26. Kg2 Qd4 27. Bc6 Ra6 28. Bd7 Rxc1 29. Rxc1 Qxb4 30. Bxe6 fxe6 31. Rc7 Bf6 32. Qxf6 Qxe4+ 33. Kh2 1-0

[Event "Titled Tuesday intern op 13th Feb Late"]
[Site "Chess.com INT"]
[Date "2024.02.13"]
[Round "4"]
[White "Sokolovsky, Yahli"]
[Black "Antipov, Mikhail Al"]
[Result "0-1"]
[WhiteElo "2471"]
[BlackElo "2585"]
[PlyCount "68"]
[EventDate "2024.02.13"]
[EventType "swiss (blitz)"]
[EventRounds "11"]
[EventCountry "USA"]
[SourceTitle "CB08_2024"]
[SourceDate "2024.02.21"]
[SourceVersion "1"]
[SourceVersionDate "2024.02.21"]
[SourceQuality "1"]

1. b3 d5 2. e3 Bf5 3. Nf3 h6 4. d4 e6 5. Bd3 c6 6. 0-0 Nf6 7. c4 Bb4 8. Qc2 Bxd3 9. Qxd3 Nbd7 10. Nbd2 0-0 11. Bb2 Qe7 12. e4 dxe4 13. Nxe4 Rad8 14. a3 Ba5 15. Rad1 Rfe8 16. Qe2 Nxe4 17. Qxe4 Nf6 18. Qe2 a6 19. Ne5 Nd7 20. Nf3 Qd6 21. h3 Qf4 22. Bc1 Qf5 23. Bb2 Nf8 24. Ne5 Ng6 25. Nxg6 Qxg6 26. Rd3 Bc7 27. Re1 Rd7 28. d5 cxd5 29. cxd5 Red8 30. d6 Bxd6 31. Red1 Bh2+ 32. Kxh2 Rxd3 33. Rc1 Rd2 34. Qe5 Rxf2 0-1

[Event "Titled Tuesday intern op 13th Feb Late"]
[Site "Chess.com INT"]
[Date "2024.02.13"]
[Round "7"]
[White "Sokolovsky, Yahli"]
[Black "Asish, Panda"]
[Result "1-0"]
[WhiteElo "2471"]
[BlackElo "1807"]
[PlyCount "57"]
[EventDate "2024.02.13"]
[EventType "swiss (blitz)"]
[EventRounds "11"]
[EventCountry "USA"]
[SourceTitle "CB08_2024"]
[SourceDate "2024.02.21"]
[SourceVersion "1"]
[SourceVersionDate "2024.02.21"]
[SourceQuality "1"]

1. b3 d5 2. Bb2 e6 3. e3 Nf6 4. d4 Be7 5. Nd2 0-0 6. Bd3 b6 7. Ngf3 Bb7 8. Ne5 Nbd7 9. f4 Ne4 10. 0-0 f5 11. c4 c5 12. cxd5 exd5 13. Bb5 Nxe5 14. dxe5 a6 15. Be2 d4 16. Nxe4 Bxe4 17. exd4 cxd4 18. Bxd4 Qd5 19. Bc4 Rad8 20. Qe2 Qxc4 21. Qxc4+ Kh8 22. Bxb6 Rd2 23. Rf2 Rd7 24. Qe6 Rb7 25. Rc1 Ba3 26. Rc8 Rb8 27. Rxb8 Rxb8 28. Bc7 Ra8 29. Rd2 1-0

[Event "Titled Tuesday intern op 13th Feb Early"]
[Site "Chess.com INT"]
[Date "2024.02.13"]
[Round "7"]
[White "Sokolovsky, Yahli"]
[Black "Hakobyan, Aram"]
[Result "0-1"]
[WhiteElo "2471"]
[BlackElo "2619"]
[PlyCount "66"]
[EventDate "2024.02.13"]
[EventType "swiss (blitz)"]
[EventRounds "11"]
[EventCountry "USA"]
[SourceTitle "CB08_2024"]
[SourceDate "2024.02.21"]
[SourceVersion "1"]
[SourceVersionDate "2024.02.21"]
[SourceQuality "1"]

1. b3 Nf6 2. Bb2 d5 3. e3 c5 4. Nf3 a6 5. d4 Bg4 6. Be2 Nc6 7. 0-0 e6 8. Nbd2 Be7 9. Ne5 Bxe2 10. Qxe2 Rc8 11. dxc5 Bxc5 12. c4 0-0 13. Ng4 Be7 14. Nxf6+ Bxf6 15. Bxf6 Qxf6 16. cxd5 exd5 17. Nf3 d4 18. exd4 Nxd4 19. Nxd4 Qxd4 20. Rad1 Qb4 21. Rd7 Rcd8 22. Rfd1 Rxd7 23. Rxd7 g6 24. g3 b5 25. h4 h5 26. Ra7 Qd6 27. a4 Qb6 28. Qe3 Qc6 29. Qf4 Qd5 30. Rxa6 Re8 31. Kh2 Re1 32. Qb8+ Kh7 33. Qa8 Rh1# 0-1

[Event "Titled Tuesday intern op 13th Feb Early"]
[Site "Chess.com INT"]
[Date "2024.02.13"]
[Round "1"]
[White "Sokolovsky, Yahli"]
[Black "Porozhniak, Maya"]
[Result "1-0"]
[WhiteElo "2471"]
[BlackElo "1863"]
[PlyCount "119"]
[EventDate "2024.02.13"]
[EventType "swiss (blitz)"]
[EventRounds "11"]
[EventCountry "USA"]
[SourceTitle "CB08_2024"]
[SourceDate "2024.02.21"]
[SourceVersion "1"]
[SourceVersionDate "2024.02.21"]
[SourceQuality "1"]

1. b3 c5 2. Bb2 e6 3. e3 Nf6 4. d4 cxd4 5. exd4 Nc6 6. Nf3 Be7 7. Bd3 0-0 8. 0-0 h6 9. Nbd2 d5 10. c4 b6 11. Rc1 Bb7 12. Qe2 Rc8 13. Rfd1 Qc7 14. Ne5 Qb8 15. cxd5 Nxe5 16. dxe5 Nxd5 17. Qg4 Rxc1 18. Rxc1 Bg5 19. Rd1 Nf4 20. Bf1 Rd8 21. Nc4 Rxd1 22. Qxd1 Ng6 23. g3 Bd5 24. h4 Be7 25. Ne3 Be4 26. Qd4 Ba8 27. b4 Qb7 28. Bg2 Qb8 29. h5 Nf8 30. Bf1 a5 31. a3 axb4 32. axb4 Qb7 33. Bg2 Qb8 34. Bxa8 Qxa8 35. Qxb6 Qa2 36. Qd4 Qb1+ 37. Kg2 Qe1 38. Qc3 Qb1 39. Qd4 Kh7 40. b5 Qe1 41. b6 Qa5 42. Qd3+ Kg8 43. Qb3 Qa8+ 44. b7 Qb8 45. Bd4 Nd7 46. Nc4 Bd8 47. Qb5 Qc7 48. Ba7 Nb8 49. Na5 Qxa5 50. Qxa5 Bxa5 51. Bxb8 Kf8 52. Bd6+ Ke8 53. b8Q+ Kd7 54. Qa7+ Kc6 55. Qxa5 f6 56. Qc7+ Kd5 57. Qc5+ Ke4 58. g4 Kf4 59. Kh3 fxe5 60. Qe3# 1-0

[Event "Titled Tuesday intern op 13th Feb Late"]
[Site "Chess.com INT"]
[Date "2024.02.13"]
[Round "9"]
[White "Sokolovsky, Yahli"]
[Black "Trost, Edvin"]
[Result "0-1"]
[WhiteElo "2471"]
[BlackElo "2434"]
[PlyCount "134"]
[EventDate "2024.02.13"]
[EventType "swiss (blitz)"]
[EventRounds "11"]
[EventCountry "USA"]
[SourceTitle "CB08_2024"]
[SourceDate "2024.02.21"]
[SourceVersion "1"]
[SourceVersionDate "2024.02.21"]
[SourceQuality "1"]

1. b3 b6 2. Bb2 Bb7 3. e3 e6 4. Nf3 f5 5. d4 Nf6 6. c4 Bb4+ 7. Nc3 Ne4 8. Qc2 0-0 9. Be2 Nc6 10. 0-0 Bxc3 11. Bxc3 Ne7 12. Bb2 Ng6 13. Ne1 Qg5 14. Bc1 Nh4 15. f3 Nf6 16. e4 Qg6 17. e5 Nh5 18. Kf2 f4 19. Qxg6 hxg6 20. Bd3 Nf5 21. Nc2 a5 22. Be4 Bc6 23. Rg1 g5 24. d5 Bb7 25. dxe6 Bxe4 26. fxe4 Ne3 27. Nxe3 fxe3+ 28. Kxe3 dxe6 29. g3 a4 30. b4 a3 31. Ke2 Ra4 32. Rb1 g4 33. Be3 g6 34. Rgd1 Ng7 35. Rd7 Rf7 36. Rxf7 Kxf7 37. Bd2 Ne8 38. Kd3 c6 39. Kc3 Nc7 40. Kb3 Ra8 41. Bg5 Ke8 42. Rd1 Na6 43. Rd6 c5 44. b5 Nb4 45. Rxe6+ Kd7 46. Rxb6 Re8 47. e6+ Kc7 48. Ra6 Nxa6 49. bxa6 Rxe6 50. a7 Kb7 51. Kxa3 Rxe4 52. Kb3 Re2 53. a4 Rxh2 54. a5 Kxa7 55. Ka4 Ka6 56. Bf4 Ra2+ 57. Kb3 Rxa5 58. Bd6 Kb6 59. Bf4 Ra8 60. Be5 Kc6 61. Bf4 Rf8 62. Be5 Rf5 63. Bb8 Rf3+ 64. Kc2 Rf8 65. Be5 Kd7 66. Kb3 Ke6 67. Bc7 Rf7 0-1

[Event "Titled Tuesday intern op 13th Feb Early"]
[Site "Chess.com INT"]
[Date "2024.02.13"]
[Round "5"]
[White "Sokolovsky, Yahli"]
[Black "Zhigalko, Sergei"]
[Result "1-0"]
[WhiteElo "2471"]
[BlackElo "2572"]
[PlyCount "105"]
[EventDate "2024.02.13"]
[EventType "swiss (blitz)"]
[EventRounds "11"]
[EventCountry "USA"]
[SourceTitle "CB08_2024"]
[SourceDate "2024.02.21"]
[SourceVersion "1"]
[SourceVersionDate "2024.02.21"]
[SourceQuality "1"]

1. b3 e5 2. Bb2 e4 3. c4 Nf6 4. Nc3 Bc5 5. d4 exd3 6. Qxd3 0-0 7. e3 Nc6 8. Nf3 Re8 9. Be2 d6 10. 0-0 Bg4 11. Rad1 Bh5 12. Nh4 Ne5 13. Qd2 Nfg4 14. Nf5 Bg6 15. Nd4 Qh4 16. h3 Nf6 17. Nf3 Nxf3+ 18. Bxf3 Rab8 19. Ba1 Bb6 20. Na4 Ne4 21. Qb2 f6 22. Nxb6 axb6 23. Rd4 Qg5 24. Qe2 Qa5 25. h4 h6 26. Qc2 Qf5 27. Qd1 Bh7 28. a4 Re7 29. Rd5 Qe6 30. Bg4 Qf7 31. Bh5 Bg6 32. Bf3 Rbe8 33. Qd4 Nc5 34. Qd1 Be4 35. Bh5 Bg6 36. Bxg6 Qxg6 37. b4 Ne4 38. a5 bxa5 39. Rxa5 Qf7 40. Qc2 b6 41. Ra7 c5 42. Ra6 Rb7 43. b5 Qe6 44. Rd1 Kh8 45. Rd5 Qf7 46. Bb2 Qe6 47. Qd3 Qg4 48. f3 Qxh4 49. fxe4 Rxe4 50. Bc3 Rbe7 51. Rxd6 Rg4 52. Ra8+ Re8 53. Rxe8# 1-0

[Event "Titled Tuesday intern op 06th Feb Late"]
[Site "Chess.com INT"]
[Date "2024.02.06"]
[Round "5"]
[White "Sokolovsky, Yahli"]
[Black "Aditya, Varun Gampa"]
[Result "1-0"]
[WhiteElo "2471"]
[BlackElo "2325"]
[PlyCount "67"]
[EventDate "2024.02.06"]
[EventType "swiss (blitz)"]
[EventRounds "11"]
[EventCountry "USA"]
[SourceTitle "CB07_2024"]
[SourceDate "2024.02.14"]
[SourceVersion "1"]
[SourceVersionDate "2024.02.14"]
[SourceQuality "1"]

1. b3 e6 2. Bb2 Nf6 3. e3 d5 4. Nf3 c5 5. d4 Nc6 6. Nbd2 b6 7. Bb5 Bb7 8. Ne5 Rc8 9. f4 Bd6 10. 0-0 0-0 11. a3 a6 12. Nxc6 Bxc6 13. Bxa6 Ra8 14. Bd3 Nd7 15. Rf3 cxd4 16. Rh3 f5 17. Bxd4 e5 18. fxe5 Bxe5 19. Nf3 Qf6 20. Nxe5 Nxe5 21. Qh5 h6 22. Rf1 Bd7 23. g4 Qd6 24. Bxe5 Qxe5 25. gxf5 Rxa3 26. Rg3 Ra1 27. Rxa1 Qxa1+ 28. Kg2 Rf6 29. Rg6 Be8 30. Rxg7+ Kxg7 31. Qxe8 Qe1 32. Qe7+ Rf7 33. f6+ Kg8 34. Qe8+ 1-0

[Event "Titled Tuesday intern op 06th Feb Early"]
[Site "Chess.com INT"]
[Date "2024.02.06"]
[Round "4"]
[White "Sokolovsky, Yahli"]
[Black "Kamsky, Gata"]
[Result "1/2-1/2"]
[WhiteElo "2471"]
[BlackElo "2623"]
[PlyCount "74"]
[EventDate "2024.02.06"]
[EventType "swiss (blitz)"]
[EventRounds "11"]
[EventCountry "USA"]
[SourceTitle "CB07_2024"]
[SourceDate "2024.02.14"]
[SourceVersion "1"]
[SourceVersionDate "2024.02.14"]
[SourceQuality "1"]

1. b3 d5 2. Nf3 Bf5 3. e3 e6 4. d4 Nf6 5. Bd3 Bg6 6. 0-0 Nbd7 7. c4 c6 8. h3 Bd6 9. Ba3 Bxa3 10. Nxa3 a5 11. Nc2 0-0 12. Bxg6 hxg6 13. Nce1 Qe7 14. Nd3 Rfd8 15. cxd5 exd5 16. Qc2 Ne4 17. Rfc1 Re8 18. Nd2 Nd6 19. Nf3 g5 20. Nfe5 Nxe5 21. Nxe5 f6 22. Nd3 Ne4 23. Nc5 Nd6 24. Qg6 Qf7 25. Qxf7+ Kxf7 26. Kf1 Kg6 27. Ke2 Kf5 28. Kd3 g4 29. hxg4+ Kxg4 30. Rh1 Kf5 31. Rh5+ Kg6 32. Rah1 Re7 33. R5h4 Kf7 34. Rg4 Kg8 35. Rgh4 Kf7 36. Rg4 Kg8 37. Rgh4 Kf7 1/2-1/2

[Event "Titled Tuesday intern op 06th Feb Late"]
[Site "Chess.com INT"]
[Date "2024.02.06"]
[Round "2"]
[White "Soto Vega, Jorge"]
[Black "Sokolovsky, Yahli"]
[Result "1-0"]
[WhiteElo "2354"]
[BlackElo "2471"]
[PlyCount "101"]
[EventDate "2024.02.06"]
[EventType "swiss (blitz)"]
[EventRounds "11"]
[EventCountry "USA"]
[SourceTitle "CB07_2024"]
[SourceDate "2024.02.14"]
[SourceVersion "1"]
[SourceVersionDate "2024.02.14"]
[SourceQuality "1"]

1. e4 d6 2. d4 g6 3. Nc3 Bg7 4. Be3 a6 5. Qd2 b5 6. f3 Bb7 7. h4 h6 8. Nh3 e6 9. Nf2 Nd7 10. 0-0-0 Ngf6 11. g4 h5 12. g5 Ng8 13. f4 Ne7 14. Bh3 d5 15. f5 exf5 16. exf5 gxf5 17. Nd3 Nb6 18. b3 Bc8 19. Qf2 Be6 20. Bf4 Nd7 21. Rhe1 c5 22. g6 Bxd4 23. gxf7+ Kxf7 24. Qd2 Qa5 25. Rxe6 Bxc3 26. Rxe7+ Kxe7 27. Bg5+ Kf8 28. Qf4 Nf6 29. Qd6+ Kf7 30. Ne5+ Bxe5 31. Qxe5 Qb6 32. Qxf5 Raf8 33. Rxd5 Kg7 34. Qe5 Rf7 35. Rd6 Re8 36. Bxf6+ Kf8 37. Qxe8+ Kxe8 38. Rxb6 Rc7 39. c4 bxc4 40. bxc4 Kf7 41. Bg5 a5 42. Be6+ Kg7 43. Bd5 a4 44. Kb2 Ra7 45. Ka3 Ra5 46. Rb5 Ra6 47. Rxc5 Rb6 48. Rc7+ Kh8 49. c5 Re6 50. Rh7+ Kxh7 51. Bxe6 1-0

[Event "Titled Tuesday intern op 16th Jan Early"]
[Site "Chess.com INT"]
[Date "2024.01.16"]
[Round "1"]
[White "Mazurkiewicz, Michal"]
[Black "Sokolovsky, Yahli"]
[Result "1/2-1/2"]
[WhiteElo "2145"]
[BlackElo "2436"]
[PlyCount "117"]
[EventDate "2024.01.16"]
[EventType "swiss (blitz)"]
[EventRounds "11"]
[EventCountry "USA"]
[SourceTitle "CB04_2024"]
[SourceDate "2023.10.16"]
[SourceVersion "1"]
[SourceVersionDate "2023.10.16"]
[SourceQuality "1"]

1. e4 d6 2. d4 g6 3. Nc3 Bg7 4. f4 Nf6 5. Nf3 0-0 6. e5 dxe5 7. dxe5 Qxd1+ 8. Nxd1 Nd5 9. c4 Nb4 10. Ne3 Bf5 11. Nxf5 gxf5 12. Kf2 Rd8 13. Bd2 N8c6 14. Bc3 e6 15. Be2 Nd3+ 16. Ke3 Ncb4 17. Nd4 c5 18. Bxd3 cxd4+ 19. Bxd4 Rd7 20. Rhd1 Rad8 21. a3 Rxd4 22. axb4 Bf8 23. Bc2 Rxd1 24. Rxd1 Rxd1 25. Bxd1 Bxb4 26. Bf3 b6 27. Kd3 Bc5 28. g4 Kf8 29. gxf5 exf5 30. h3 Ke7 31. Bd5 a5 32. b3 Ba3 33. Ke2 Bc1 34. Kf3 Bd2 35. Bb7 Kd7 36. Bd5 Ke7 37. Ba8 f6 38. exf6+ Kxf6 39. Bb7 Bb4 40. Bc8 Bc5 41. Bd7 h6 42. Bc8 Bd6 43. Bd7 Be7 44. Bc8 Bf8 45. Bd7 Bd6 46. Bc8 Bc5 47. Bd7 Bb4 48. Bc8 Ba3 49. Bd7 Bb2 50. Bc8 Bd4 51. Bd7 Bc5 52. Bc8 a4 53. bxa4 Bb4 54. Bd7 Bc5 55. Bc8 Bb4 56. Bd7 Bd6 57. Bc6 Be7 58. Bd7 Bc5 59. Bc8 1/2-1/2

[Event "Titled Tuesday intern op 16th Jan Early"]
[Site "Chess.com INT"]
[Date "2024.01.16"]
[Round "2"]
[White "Sokolovsky, Yahli"]
[Black "Tymrakiewicz, Rafal"]
[Result "1-0"]
[WhiteElo "2436"]
[BlackElo "2168"]
[PlyCount "105"]
[EventDate "2024.01.16"]
[EventType "swiss (blitz)"]
[EventRounds "11"]
[EventCountry "USA"]
[SourceTitle "CB04_2024"]
[SourceDate "2023.10.16"]
[SourceVersion "1"]
[SourceVersionDate "2023.10.16"]
[SourceQuality "1"]

1. b3 Nf6 2. Bb2 g6 3. Bxf6 exf6 4. c4 f5 5. Nc3 Bg7 6. Nf3 0-0 7. d4 Nc6 8. e3 Ne7 9. g3 d5 10. Rc1 h6 11. h4 Be6 12. c5 b6 13. b4 a5 14. b5 c6 15. a4 Rc8 16. Ne2 Qd7 17. Nf4 Qa7 18. Qc2 Rc7 19. Rb1 Rb8 20. Nd3 f4 21. gxf4 Bf5 22. Nfe5 Bxe5 23. fxe5 cxb5 24. axb5 bxc5 25. dxc5 Bxd3 26. Bxd3 Qxc5 27. Qxc5 Rxc5 28. Kd2 Nc8 29. Ra1 Ra8 30. f4 Nb6 31. h5 Nc4+ 32. Ke2 Rxb5 33. hxg6 fxg6 34. Rxh6 Rb2+ 35. Kf3 Nd2+ 36. Kg3 Ne4+ 37. Bxe4 dxe4 38. Rxg6+ Kf7 39. Rf6+ Ke7 40. f5 a4 41. Re6+ Kf7 42. Rf6+ Ke7 43. Rg6 Kf7 44. e6+ Ke7 45. Kf4 a3 46. Rg7+ Kd6 47. Rd1+ Kc6 48. Rc1+ Kb6 49. e7 a2 50. Rgg1 Rf2+ 51. Ke5 Ra4 52. e8Q Ra5+ 53. Ke6 1-0

[Event "ISR-chT"]
[Site "Israel"]
[Date "2024.01.10"]
[Round "1.19"]
[White "Rodshtein, Maxim"]
[Black "Sokolovsky, Yahli"]
[Result "1/2-1/2"]
[WhiteElo "2590"]
[BlackElo "2471"]
[PlyCount "49"]
[EventDate "2024.01.10"]
[EventType "team-tourn"]
[EventRounds "11"]
[EventCountry "ISR"]
[SourceTitle "CB09_2024"]
[SourceDate "2024.02.28"]
[SourceVersion "1"]
[SourceVersionDate "2024.02.28"]
[SourceQuality "1"]
[WhiteTeam "Rishon Le Zion"]
[BlackTeam "Rishon Le iZion II"]
[WhiteTeamCountry "ISR"]
[BlackTeamCountry "ISR"]

1. d4 Nf6 2. c4 e6 3. Nc3 d5 4. cxd5 exd5 5. Bg5 Be7 6. e3 h6 7. Bh4 Bg4 8. Qc2 0-0 9. h3 Be6 10. Nf3 Ne8 11. Bxe7 Qxe7 12. Bd3 Nd7 13. 0-0 c6 14. Ne2 Qf6 15. Ng3 Nd6 16. Qc3 g6 17. Qb4 Qe7 18. Rae1 Rfe8 19. Nd2 Rac8 20. Ne2 Nf8 21. Nc3 Qd7 22. Nf3 Qc7 23. Rc1 Nd7 24. Be2 Nf5 25. Ne5 1/2-1/2